00339 2200145 4500001002100000005001500021035002000036245002600056100001600082250000600098260004400104082000800148084001400156990002300170INLIS00000000000249220250604111943 a0010-06250000781 aPerang /cPutu Wijaya0 aPutu Wijaya a1 aJakarta :bPustaka Utama Grafiti,c2002 a813 a813 PUT p a02.1750 s/d 021759